Normale Ansicht MARC-Ansicht ISBD

Der Fall Charlottenburg: (Titelsatznr. 371206)

[ MARC ]
MARC-Details
000 -Satzkennung
Kontrollfeld mit fester Länge 04462cam a2200901 4500
001 - Kontrollnummer
Kontrollfeld 476554349
003 - Kontrollnummer Identifier
Kontrollfeld DE-627
005 - Datum und Zeit der letzten Transaktion
Kontrollfeld 20211227152647.0
007 - Feld mit fester Länge zur physischen Beschreibung - Allgemeine Information
Kontrollfeld mit fester Länge tu
008 - Feld mit fester Länge zur physischen Beschreibung - Allgemeine Angaben
Kontrollfeld mit fester Länge 050105s2005 gw ||||| m 00| ||ger c
015 ## - Nummer der Nationalbibliografie
Nummer der Nationalbibliografie 05,N03,2156
Quelle dnb
016 7# - Kontrollnummer der nationalbibliografischen Agentur
Datensatzkontrollnummer 973193530
Quelle DE-101
020 ## - Internationale Standardbuchnummer
Internationale Standardbuchnummer 3412129054
024 3# - Anderer Standardidentifier
Standardnummer oder Code 9783412129057
035 ## - Systemkontrollnummer
System-Kontrollnummer (DE-627)476554349
035 ## - Systemkontrollnummer
System-Kontrollnummer (DE-576)115637419
035 ## - Systemkontrollnummer
System-Kontrollnummer (DE-599)DNB973193530
035 ## - Systemkontrollnummer
System-Kontrollnummer (OCoLC)232001536
035 ## - Systemkontrollnummer
System-Kontrollnummer (OCoLC)60744323
035 ## - Systemkontrollnummer
System-Kontrollnummer (DE-H357)his30578
040 ## - Katalogisierungsquelle
Original-Katalogisierungsstelle DE-627
Katalogisierungssprache ger
Übertragungsstelle DE-627
Beschreibungsfestlegungen rakwb
Bearbeitungsstelle DE-2950
041 ## - Sprachcode
Sprachcode des Textes/der Tonspur oder des separaten Titels ger
044 ## - Ländercode der veröffentlichenden/herstellenden Stelle
ISO-Ländercode XA-DE-NW
-- XA-AT
050 #0 - Signatur der Library of Congress
Notation HV280.B4
082 0# - Notation nach der Dewey Decimal Classification
Notation 914.3
-- 914.3
082 0# - Notation nach der Dewey Decimal Classification
Notation 914.3
082 04 - Notation nach der Dewey Decimal Classification
Notation 360
082 04 - Notation nach der Dewey Decimal Classification
Notation 914.3
084 ## - Andere Notation
Notation 8,1
Quelle der Nummer ssgn
084 ## - Andere Notation
Notation NR 6910
Zuweisende Stelle BVB
Quelle der Nummer rvk
IDN des Normdatensatzes oder Standardnummer (DE-625)rvk/129679:
084 ## - Andere Notation
Notation NR 1800
Quelle der Nummer rvk
IDN des Normdatensatzes oder Standardnummer (DE-625)rvk/129177:
084 ## - Andere Notation
Notation 15.46
Quelle der Nummer bkl
084 ## - Andere Notation
Notation 71.81
Quelle der Nummer bkl
084 ## - Andere Notation
Notation 74.20
Quelle der Nummer bkl
090 ## - LOCALLY ASSIGNED LC-TYPE CALL NUMBER (OCLC); LOCAL CALL NUMBER (RLIN)
Notation (OCLC) (R) ; Notation, CALL (RLIN) (NR) a
100 1# - Haupteintragung - Personenname
Personenname Ludwig, Andreas
Datumsangaben in Verbindung mit einem Namen 1954-
IDN des Normdatensatzes oder Standardnummer (DE-588)12329911X
-- (DE-627)082470057
-- (DE-576)250035952
Code für Beziehungskennzeichnung aut
245 14 - Titel
Titel Der Fall Charlottenburg:
Zusatz zum Titel soziale Stiftungen im städtischen Kontext (1800 - 1950) /
Verfasserangabe etc. von Andreas Ludwig.
263 ## - Geplantes Erscheinungsdatum
Geplantes Erscheinungsdatum Gb. : ca. EUR 42.90
264 #1 - Produktion, Veröffentlichung, Distribution, Herstellung und Urheberrechtsvermerk
Herstellungs-, Veröffentlichungs- Vertriebs-, Erzeugungsort Köln;
-- Weimar;
-- Wien:
Produzent, Herausgeber, Distributor, Hersteller Böhlau,
Datum der Herstellung, der Veröffentlichung, des Vertriebs oder des Urheberschutzvermerks 2005.
300 ## - Physische Beschreibung
Umfang IX, 415 Seiten:
Andere physische Details Illustrationen.
Maße 240 mm x 170 mm
336 ## - Inhaltstyp
Inhaltstypterm Text
Inhaltstypcode txt
Quelle rdacontent
337 ## - Medientyp
Bezeichnung des Medientyps ohne Hilfsmittel zu benutzen
Medientypcode n
Quelle rdamedia
338 ## - Datenträgertyp
Datenträgertypbezeichnung Band
Datenträgertypcode nc
Quelle rdacarrier
490 1# - Gesamttitelangabe
Gesamttitelangabe Städteforschung
-- Reihe A, Darstellungen;
Bandnummer/Folgebezeichnung 66
502 ## - Dissertationsvermerk
Dissertationsvermerk Zugl.: Berlin, Techn. Univ., Diss., 2000
520 ## - Fußnote zu Zusammenfassungen usw.
Fußnote zur Zusammenfassung usw. Obwohl die Leistungen privater Stiftungen in Kultur und Sozialpolitik seit langem einen bedeutenden Stellenwert haben, ist über ihre Geschichte bisher wenig bekannt. Vor etwa 100 Jahren erlebte Deutschland geradezu einen Stiftungsboom, von dem besonders die Städte profitierten. Andreas Ludwig verdeutlicht am Beispiel der Stadt Charlottenburg, die heute zu Berlin gehört, wie mit Hilfe von Stiftungen, Vereinen und einer auf Kooperation ausgerichteten Kommunalpolitik den Herausforderungen der sozialen Frage begegnet wurde. Binnen weniger Jahrzehnte entstand dort nicht nur eine der reichsten und modernsten Großstädte Deutschlands, sondern zugleich auch eine ausgeprägte Stiftungslandschaft. Dabei entwickelte sich ein Netzwerk, dessen Konturen und Wirkungen Gegenstand dieses Buches sind. Der Autor untersucht, wie das heute als veraltet und starr geltende Instrument der Stiftungen zur Gestaltung der entstehenden urbanen Ballungsräume genutzt wurde und am Übergang zur modernen Stadtgesellschaft beteiligt war.
650 #0 - Nebeneintragung unter einem Schlagwort - Sachschlagwort
Sachschlagwort oder geografischer Name als Eintragungselement Endowments
Geografische Unterteilung Germany
-- Berlin
Allgemeine Unterteilung History
650 #0 - Nebeneintragung unter einem Schlagwort - Sachschlagwort
Sachschlagwort oder geografischer Name als Eintragungselement Charities
Geografische Unterteilung Germany
-- Berlin
Allgemeine Unterteilung History
650 07 - Nebeneintragung unter einem Schlagwort - Sachschlagwort
IDN des Normdatensatzes oder Standardnummer (DE-588)4056730-8
-- (DE-627)106153897
-- (DE-576)209118776
Sachschlagwort oder geografischer Name als Eintragungselement Stadtentwicklung
Quelle der Ansetzung oder des Terms gnd
650 07 - Nebeneintragung unter einem Schlagwort - Sachschlagwort
IDN des Normdatensatzes oder Standardnummer (DE-588)4077579-3
-- (DE-627)106079719
-- (DE-576)209205717
Sachschlagwort oder geografischer Name als Eintragungselement Sozialeinrichtung
Quelle der Ansetzung oder des Terms gnd
650 07 - Nebeneintragung unter einem Schlagwort - Sachschlagwort
IDN des Normdatensatzes oder Standardnummer (DE-588)4055710-8
-- (DE-627)106157043
-- (DE-576)209115084
Sachschlagwort oder geografischer Name als Eintragungselement Soziale Dienstleistung
Quelle der Ansetzung oder des Terms gnd
650 07 - Nebeneintragung unter einem Schlagwort - Sachschlagwort
IDN des Normdatensatzes oder Standardnummer (DE-588)4128493-8
-- (DE-627)104813881
-- (DE-576)209602546
Sachschlagwort oder geografischer Name als Eintragungselement Soziale Wohlfahrt
Quelle der Ansetzung oder des Terms gnd
650 07 - Nebeneintragung unter einem Schlagwort - Sachschlagwort
IDN des Normdatensatzes oder Standardnummer (DE-588)4057542-1
-- (DE-627)104221615
-- (DE-576)209122390
Sachschlagwort oder geografischer Name als Eintragungselement Stiftung
Quelle der Ansetzung oder des Terms gnd
650 07 - Nebeneintragung unter einem Schlagwort - Sachschlagwort
IDN des Normdatensatzes oder Standardnummer (DE-588)4018801-2
-- (DE-627)106323946
-- (DE-576)208926593
Sachschlagwort oder geografischer Name als Eintragungselement Fürsorge
Quelle der Ansetzung oder des Terms gnd
650 07 - Nebeneintragung unter einem Schlagwort - Sachschlagwort
IDN des Normdatensatzes oder Standardnummer (DE-588)4002963-3
-- (DE-627)104152397
-- (DE-576)208849491
Sachschlagwort oder geografischer Name als Eintragungselement Armut
Quelle der Ansetzung oder des Terms gnd
650 #4 - Nebeneintragung unter einem Schlagwort - Sachschlagwort
Sachschlagwort oder geografischer Name als Eintragungselement Sozialstaatskrise
650 #4 - Nebeneintragung unter einem Schlagwort - Sachschlagwort
Sachschlagwort oder geografischer Name als Eintragungselement Stadtforschung
650 #4 - Nebeneintragung unter einem Schlagwort - Sachschlagwort
Sachschlagwort oder geografischer Name als Eintragungselement Berlin
650 #4 - Nebeneintragung unter einem Schlagwort - Sachschlagwort
Sachschlagwort oder geografischer Name als Eintragungselement Charlottenburg
650 #4 - Nebeneintragung unter einem Schlagwort - Sachschlagwort
Sachschlagwort oder geografischer Name als Eintragungselement Mäzenatentum
650 #4 - Nebeneintragung unter einem Schlagwort - Sachschlagwort
Sachschlagwort oder geografischer Name als Eintragungselement Stiftung
650 #4 - Nebeneintragung unter einem Schlagwort - Sachschlagwort
Sachschlagwort oder geografischer Name als Eintragungselement Fürsorgeeinrichtung
650 #4 - Nebeneintragung unter einem Schlagwort - Sachschlagwort
Sachschlagwort oder geografischer Name als Eintragungselement Geschichte 1800-1950
650 #4 - Nebeneintragung unter einem Schlagwort - Sachschlagwort
Sachschlagwort oder geografischer Name als Eintragungselement Berlin-Charlottenburg
651 #0 - Nebeneintragung unter einem Schlagwort - Geografischer Name
Geografischer Name Charlottenburg (Berlin, Germany)
Allgemeine Unterteilung Social conditions
655 #7 - Indexierungsterm - Genre/Form
Genre/Form oder fokussierter Term Hochschulschrift
IDN des Normdatensatzes oder Standardnummer (DE-588)4113937-9
-- (DE-627)105825778
-- (DE-576)209480580
Quelle der Ansetzung oder des Terms gnd-content
951 ## - EQUIVALENCE OR CROSS-REFERENCE--GEOGRAPHIC NAME/AREA NAME [OBSOLETE] [CAN/MARC only]
Geografischer Name BO
751 ## - Nebeneintragung - Geografischer Name
Geografischer Name Berlin
IDN des Normdatensatzes oder Standardnummer (DE-588)4005728-8
-- (DE-627)10482638X
-- (DE-576)208862560
Code für Beziehungskennzeichnung uvp
830 #0 - Nebeneintragung unter dem Gesamttitel - Einheitstitel
Einheitstitel Städteforschung / A
Bandnummer/Folgebezeichnung 66
Koha-Normdatenidentnummer 66
Datensatzkontrollnummer (DE-627)130159506
-- (DE-576)015701735
-- (DE-600)517592-6
Internationale Standardseriennummer 2748-4564
856 42 - Elektronische Adresse und Zugriff
URL <a href="http://d-nb.info/973193530/04">http://d-nb.info/973193530/04</a>
Kontaktstelle für Hilfe beim Zugriff B:DE-101
Elektronisches Format pdf/application
Zugriffszeiten 20161127003401
Spezifische Materialangaben Inhaltsverzeichnis
856 42 - Elektronische Adresse und Zugriff
URL <a href="https://www.hsozkult.de/publicationreview/id/rezbuecher-6985">https://www.hsozkult.de/publicationreview/id/rezbuecher-6985</a>
Kontaktstelle für Hilfe beim Zugriff V:DE-576;X:HSozKult
Elektronisches Format text/html
Zugriffszeiten 20180417153224
Spezifische Materialangaben Rezension
936 rv - OCLC/CONSER MISCELLANEOUS DATA (OCLC); PIECE USED FOR CATALOGING (pre-AACR2) (RLIN)
OCLC control number(s) of parallel record(s) (OCLC); Piece used for cataloging, PUC (RLIN) NR 6910
936 rv - OCLC/CONSER MISCELLANEOUS DATA (OCLC); PIECE USED FOR CATALOGING (pre-AACR2) (RLIN)
OCLC control number(s) of parallel record(s) (OCLC); Piece used for cataloging, PUC (RLIN) NR 1800
936 bk - OCLC/CONSER MISCELLANEOUS DATA (OCLC); PIECE USED FOR CATALOGING (pre-AACR2) (RLIN)
OCLC control number(s) of parallel record(s) (OCLC); Piece used for cataloging, PUC (RLIN) 15.46
936 bk - OCLC/CONSER MISCELLANEOUS DATA (OCLC); PIECE USED FOR CATALOGING (pre-AACR2) (RLIN)
OCLC control number(s) of parallel record(s) (OCLC); Piece used for cataloging, PUC (RLIN) 71.81
936 bk - OCLC/CONSER MISCELLANEOUS DATA (OCLC); PIECE USED FOR CATALOGING (pre-AACR2) (RLIN)
OCLC control number(s) of parallel record(s) (OCLC); Piece used for cataloging, PUC (RLIN) 74.20
942 ## - Zusätzliche Felder (Koha)
Klassifikation oder Aufstellungssystematik Andere/Generische Klassifikation
Koha-Medientyp Bücher
Exemplare
Ausgeschieden Verloren Klassifikation oder Aufstellungssystematik Beschädigt Nicht entleihbar Heimatbibliothek Aufenthaltsbibliothek Aufstellungsort Erwerbungsdatum Lieferant Kodierter Standort-Qualifier Kaufpreis Anzahl Ausleihen Signatur Letzte Aktivität Exemplarnummer Preis gültig von Koha-Medientyp
    Andere/Generische Klassifikation     Stadtarchiv Frankfurt (Oder) | Archivbibliothek Stadtarchiv Frankfurt (Oder) | Archivbibliothek Lesesaal 27/12/2021 Hutten L 55.00   O21.66 ; III:1918 27/12/2021 153/2021 27/12/2021 Bücher